[Event "Choose your opening weapons III"]
[Site "SchemingMind.com"]
[Date "2013.12.28"]
[Round "-"]
[White "Simon Green"]
[Black "kenneth m day"]
[Result "0-1"]
[WhiteCountry "ENG"]
[BlackCountry "USA"]
[WhiteElo "1591"]
[WhiteRD "55"]
[BlackElo "1756"]
[BlackRD "49"]
[GameID "344496"]

1. d4 Nf6 2. e3 g6 3. Bd3 Bg7 4. f4 d6 5. Nf3 O-O 6. O-O Bg4 7. Nbd2 c5 8. c3 Nc6 9. Qe1 Re8 10. a3 Qd7
11. h3 Bxf3 12. Nxf3 cxd4 13. exd4 Nd5 14. Nh4 e5 15. fxe5 dxe5 16. dxe5 Rxe5 17. Qf2 Rae8 18. Bd2 R8e6 19. Rac1 Rf6 20. Qg3 Qd6
21. Rxf6 Bxf6 22. c4 Nde7 23. Bf4 Qd4+ 24. Kh2 Rh5 25. Nf5 Nxf5 26. Qf3 Qxb2 27. Rb1 Qxa3 28. Rxb7 Ncd4 29. Qd1 Rh4 30. Bg3 Nxg3
31. Kxg3 Qd6+ 32. Kf2 Nf5 33. Qe2 Bd4+ 34. Ke1 Ne3 35. Qf3 Rf4 36. Qe2 Bc3+
0-1

[Event "Choose your opening weapons III"]
[Site "SchemingMind.com"]
[Date "2013.12.29"]
[Round "-"]
[White "kenneth m day"]
[Black "Simon Green"]
[Result "0-1"]
[WhiteCountry "USA"]
[BlackCountry "ENG"]
[WhiteElo "1756"]
[WhiteRD "49"]
[BlackElo "1591"]
[BlackRD "55"]
[GameID "344497"]

1. e4 e6 2. f4 d5 3. Nc3 Nf6 4. e5 Nfd7 5. d4 c5 6. Nf3 c4 7. Be2 Nc6 8. Be3 Be7 9. Qd2 f5 10. exf6 Bxf6
11. O-O-O a6 12. Ng5 Nb6 13. Bg4 Bxg5 14. fxg5 Bd7 15. Rdf1 Qe7 16. Bf4 O-O-O 17. Qe3 Rde8 18. Ne2 Rhf8 19. Qg3 Na4 20. Bd6 Rxf1+
21. Rxf1 Qxg5+ 22. Bf4 Qd8 23. h4 h6 24. Bc7 Qxc7 25. Qxc7+ Kxc7 26. b3 cxb3 27. axb3 Nb6 28. Rf7 e5 29. Bxd7 Nxd7 30. dxe5 Rxe5
31. Nc3 d4 32. Nd1 Re2 33. Rxg7 Nb4 34. Rh7 Rxg2 35. Rxh6 Rxc2+ 36. Kb1 d3 37. Ne3 d2 38. Nd5+ Kb8 39. Nxb4 d1=Q#
0-1

[Event "Choose your opening weapons III"]
[Site "SchemingMind.com"]
[Date "2014.01.06"]
[Round "-"]
[White "emvarela"]
[Black "kenneth m day"]
[Result "1/2-1/2"]
[WhiteCountry "ARG"]
[BlackCountry "USA"]
[WhiteElo "1732"]
[WhiteRD "45"]
[BlackElo "1769"]
[BlackRD "48"]
[GameID "344750"]

1. e4 e5 2. Nf3 Nc6 3. Bb5 d6 4. d4 exd4 5. Qxd4 Bd7 6. Bxc6 Bxc6 7. Nc3 Nf6 8. Bg5 Be7 9. O-O-O O-O 10. Rhe1 Re8
11. Bxf6 Bxf6 12. Qd3 Qd7 13. Nd4 a6 14. Nxc6 Qxc6 15. f3 b5 16. Qd5 Qxd5 17. Nxd5 Bd8 18. Rd3 c6 19. Ne3 Bc7 20. Nf5 Rad8
21. Red1 d5 22. exd5 cxd5 23. g3 g6 24. Nd4 Be5 25. Nc6 Rd6 26. Nxe5 Rxe5 27. b3 Re2 28. h4 Rc6 29. R1d2 Re1+ 30. Kb2 Rf1
31. Re3 Re6 32. Rxe6 fxe6 33. f4 Rf3 34. Rd3 Rxd3=
1/2-1/2

[Event "Choose your opening weapons III"]
[Site "SchemingMind.com"]
[Date "2014.01.05"]
[Round "-"]
[White "emvarela"]
[Black "Simon Green"]
[Result "1-0"]
[WhiteCountry "ARG"]
[BlackCountry "ENG"]
[WhiteElo "1732"]
[WhiteRD "45"]
[BlackElo "1632"]
[BlackRD "57"]
[GameID "344751"]

1. e4 e6 2. d4 d5 3. Nc3 Nf6 4. e5 Nfd7 5. f4 c5 6. dxc5 Bxc5 7. Qe2 O-O 8. Nf3 f5 9. Be3 Bxe3 10. Qxe3 Nc6
11. O-O-O Nb6 12. Nd4 Bd7 13. Nxc6 Bxc6 14. Bb5 a6 15. Bxc6 bxc6 16. Qc5 Nc4 17. b3 Qb6 18. Qxb6 Nxb6 19. Ne2 a5 20. Nd4 a4
21. Kb2 a3+ 22. Kb1 Rfe8 23. Nxc6 Rac8 24. Nd4 Kf7 25. Nb5 Rc5 26. Nd6+ Ke7 27. Nxe8 Kxe8 28. Rd4 Kd7 29. c4 Kc6 30. cxd5+ Nxd5
31. Rc1 Nc3+ 32. Ka1 Ne2 33. Rxc5+ Kxc5 34. Rc4+ Kd5 35. g3 Nd4 36. Rc7 Nf3 37. h4 Nh2 38. Rxg7 Ke4 39. Rxh7 Ng4 40. Rg7 Kf3
41. h5
1-0

[Event "Choose your opening weapons III"]
[Site "SchemingMind.com"]
[Date "2014.01.06"]
[Round "-"]
[White "kenneth m day"]
[Black "emvarela"]
[Result "1-0"]
[WhiteCountry "USA"]
[BlackCountry "ARG"]
[WhiteElo "1756"]
[WhiteRD "49"]
[BlackElo "1683"]
[BlackRD "48"]
[GameID "344752"]

1. e4 e5 2. Nf3 Nc6 3. c3 Nf6 4. d4 Nxe4 5. d5 Ne7 6. Nxe5 d6 7. Bb5+ c6 8. dxc6 Qb6 9. cxb7+ Qxb5 10. bxa8=Q Qxe5
11. Qa4+ Kd8 12. Q4xe4
1-0

[Event "Choose your opening weapons III"]
[Site "SchemingMind.com"]
[Date "2014.01.02"]
[Round "-"]
[White "Simon Green"]
[Black "emvarela"]
[Result "1-0"]
[WhiteCountry "ENG"]
[BlackCountry "ARG"]
[WhiteElo "1602"]
[WhiteRD "54"]
[BlackElo "1674"]
[BlackRD "46"]
[GameID "344753"]

1. d4 Nf6 2. e3 d5 3. Bd3 Bg4 4. f3 Bd7 5. f4 e6 6. Nf3 c5 7. c3 cxd4 8. exd4 Nc6 9. O-O Bd6 10. Ne5 Bxe5
11. fxe5 Ne4 12. Qf3 Qe7 13. Bxe4 dxe4 14. Qxe4 f5 15. exf6 gxf6 16. Be3 O-O-O 17. Nd2 f5 18. Qf3 Rhg8 19. Bf4 Rg7 20. Rae1 Rdg8
21. g3 Qf7 22. Nc4 Qe7 23. Nd6+ Kd8 24. Nxb7+ Kc8 25. Nd6+ Kd8 26. Nxf5
1-0

[Event "Choose your opening weapons III"]
[Site "SchemingMind.com"]
[Date "2014.01.18"]
[Round "-"]
[White "Scooter"]
[Black "emvarela"]
[Result "0-1"]
[WhiteCountry "USA"]
[BlackCountry "ARG"]
[WhiteElo "1732"]
[WhiteRD "47"]
[BlackElo "1732"]
[BlackRD "45"]
[GameID "345466"]

1. d4 Nf6 2. Nf3 d5 3. Bf4 Bf5 4. e3 e6 5. Bd3 Bxd3 6. Qxd3 Bd6 7. Bxd6 Qxd6 8. c3 c5 9. Qb5+ Qc6 10. Qxc6+ Nxc6
11. O-O cxd4 12. exd4 O-O 13. Re1 Rfe8 14. Nbd2 Re7 15. h3 Rae8 16. Ne5 Nxe5 17. dxe5 Nd7 18. c4 Nb6 19. cxd5 Nxd5 20. Ne4 Nb4
21. Rec1 Nd3 22. Rc2 Nxe5 23. Rac1 Nc6 24. Nd6 Rd8 25. Nxb7 Rxb7 26. Rxc6 Rxb2 27. Ra6 Rb7 28. Rac6 g6 29. f4 Rbd7 30. a4 Kg7
31. Rc7 Kf6 32. Rxd7 Rxd7 33. Rc2 h5 34. g3 Rd4 35. Ra2 a5 36. Kf2 g5 37. Ke3 Rb4 38. fxg5+ Kxg5 39. Ra3 f5 40. Kf3 h4
41. gxh4+ Rxh4 42. Re3 Rxh3+
0-1

[Event "Choose your opening weapons III"]
[Site "SchemingMind.com"]
[Date "2014.01.14"]
[Round "-"]
[White "Scooter"]
[Black "kenneth m day"]
[Result "1/2-1/2"]
[WhiteCountry "USA"]
[BlackCountry "USA"]
[WhiteElo "1705"]
[WhiteRD "45"]
[BlackElo "1756"]
[BlackRD "49"]
[GameID "345467"]

1. d4 d5 2. Nf3 Nf6 3. Bf4 e6 4. e3 Bd6 5. Bxd6 Qxd6 6. c3 O-O 7. Be2 Nbd7 8. O-O c5 9. Nbd2 cxd4 10. cxd4 e5
11. dxe5 Nxe5 12. Nxe5 Qxe5 13. b3 Bf5 14. Nf3 Qd6 15. Nh4 Bd7 16. Rc1 Rac8 17. Nf3 Rfd8 18. Qd2 Ne4 19. Qb2 Bf5 20. Nd4 Bg6
21. Rxc8 Rxc8 22. Rc1 Rxc1+ 23. Qxc1 Qc5 24. Qxc5 Nxc5 25. b4 Ne6=
1/2-1/2

[Event "Choose your opening weapons III"]
[Site "SchemingMind.com"]
[Date "2014.01.13"]
[Round "-"]
[White "Scooter"]
[Black "Simon Green"]
[Result "1/2-1/2"]
[WhiteCountry "USA"]
[BlackCountry "ENG"]
[WhiteElo "1705"]
[WhiteRD "45"]
[BlackElo "1591"]
[BlackRD "55"]
[GameID "345468"]

1. d4 e6 2. Nf3 d5 3. Bf4 c5 4. e3 c4 5. c3 Nf6 6. Be2 b5 7. O-O Be7 8. h3 O-O 9. Nbd2 Nc6 10. Ne5 Nxe5
11. Bxe5 Nd7 12. Nf3 f5 13. b3 Bb7 14. b4 a5 15. a3 a4 16. Qd2 h6 17. Qc2 Rf7 18. Bh2 Bf6 19. Be5 Bxe5 20. Nxe5 Nxe5
21. dxe5 Qc7 22. f4 Qe7 23. Bf3 Bc6 24. Rad1 Rd8 25. Qd2 Kh7 26. Qd4 Rg8 27. Qb6 Qc7 28. Qxc7 Rxc7 29. g4 g6 30. g5 h5
31. h4 Rd7 32. Kf2=
1/2-1/2

[Event "Choose your opening weapons III"]
[Site "SchemingMind.com"]
[Date "2014.01.18"]
[Round "-"]
[White "emvarela"]
[Black "Scooter"]
[Result "1-0"]
[WhiteCountry "ARG"]
[BlackCountry "USA"]
[WhiteElo "1732"]
[WhiteRD "45"]
[BlackElo "1732"]
[BlackRD "47"]
[GameID "345469"]

1. e4 c6 2. d4 d5 3. Nc3 dxe4 4. Nxe4 Bf5 5. Ng3 Bg6 6. h4 h6 7. Nf3 Nd7 8. h5 Bh7 9. Bd3 Bxd3 10. Qxd3 Qc7
11. Ne4 O-O-O 12. g3 Ngf6 13. Bf4 Qb6 14. b3 e6 15. Nxf6 Nxf6 16. c4 Bb4+ 17. Ke2 Qa5 18. Ne5 Rhf8 19. Qf3 Rxd4 20. Nxc6 Re4+
21. Qxe4 Nxe4 22. Nxa5 Bxa5 23. f3 Nc3+ 24. Kf2 Rd8 25. a3 Bb6+ 26. Kg2 Bd4 27. Rac1 Ne2 28. Rc2 Nxf4+ 29. gxf4 Be3 30. Kg3 Rd4
31. b4 Bxf4+ 32. Kf2 Rd3 33. Ra1 Be5 34. Raa2 Bd4+ 35. Kg3 Be5+ 36. Kg2 g5 37. hxg6 fxg6 38. Re2
1-0

[Event "Choose your opening weapons III"]
[Site "SchemingMind.com"]
[Date "2014.01.13"]
[Round "-"]
[White "kenneth m day"]
[Black "Scooter"]
[Result "1-0"]
[WhiteCountry "USA"]
[BlackCountry "USA"]
[WhiteElo "1756"]
[WhiteRD "49"]
[BlackElo "1705"]
[BlackRD "45"]
[GameID "345470"]

1. e4 Nc6 2. Nf3 e5 3. c3 Bc5 4. d4 exd4 5. cxd4 Bb4+ 6. Nc3 d6 7. Bd2 Bg4 8. Bb5 Bd7 9. O-O Bxc3 10. Bxc3 f6
11. e5 a6 12. Bc4 fxe5 13. dxe5 dxe5 14. Qd5 Qe7 15. Nxe5 Nf6 16. Qf7+ Qxf7 17. Bxf7+ Kf8 18. Bb3 Nxe5 19. Bxe5 c6 20. Rfe1 Re8
21. Bd6+
1-0

[Event "Choose your opening weapons III"]
[Site "SchemingMind.com"]
[Date "2014.01.13"]
[Round "-"]
[White "Simon Green"]
[Black "Scooter"]
[Result "0-1"]
[WhiteCountry "ENG"]
[BlackCountry "USA"]
[WhiteElo "1591"]
[WhiteRD "55"]
[BlackElo "1705"]
[BlackRD "45"]
[GameID "345471"]

1. d4 Nf6 2. e3 g6 3. Bd3 Bg7 4. f4 O-O 5. Nf3 d6 6. O-O Bg4 7. Nbd2 Nbd7 8. Qe1 c5 9. c3 cxd4 10. exd4 Nd5
11. Ne4 Bf5 12. Nfg5 Bxe4 13. Bxe4 e6 14. Bxd5 exd5 15. Bd2 Re8 16. Qf2 Nf6 17. h3 Ne4 18. Nxe4 dxe4 19. Rae1 d5 20. Be3 f5
21. b4 b5 22. a4 bxa4 23. Ra1 Qc7 24. Qc2 Rec8 25. Rfc1 Qc6 26. Qxa4 Qxa4 27. Rxa4 Rc4 28. Bd2 a5 29. Rxa5 Rxa5 30. bxa5 Ra4
31. Kf2 Rxa5 32. Ke3 Ra3 33. Rb1 Ra5 34. Rb3 Bh6 35. g3 Ra6 36. Rb5 Rd6 37. Rc5 Bf8 38. Rc8 Kg7 39. Bc1 Ra6 40. Rd8 Ra5
41. Bd2 Be7 42. Rd7 Kf6 43. Rb7 h6 44. Ke2 Ra2 45. Ke3 g5 46. fxg5+ hxg5 47. Rb6+ Kf7 48. Rb5 Ke6 49. Rb6+= Bd6 50. Be1 f4+
0-1

[Event "Choose your opening weapons III"]
[Site "SchemingMind.com"]
[Date "2014.02.04"]
[Round "-"]
[White "simpet"]
[Black "emvarela"]
[Result "0-1"]
[WhiteCountry "ENG"]
[BlackCountry "ARG"]
[WhiteElo "1610"]
[WhiteRD "55"]
[BlackElo "1753"]
[BlackRD "48"]
[GameID "346917"]

1. e4 e5 2. Bc4 c6 3. Nf3 Nf6 4. Nc3 Be7 5. Nxe5 O-O 6. O-O d5 7. exd5 cxd5 8. Bb3 Be6 9. d4 Nc6 10. Ne2 Nxe5
11. dxe5 Nd7 12. f4 Bc5+ 13. Kh1 Qb6 14. Nc3 d4 15. Bxe6 Qxe6 16. Na4 b6 17. c3 dxc3 18. Nxc3 Rad8 19. Qf3 f6 20. Nb5 fxe5
21. Nxa7 exf4 22. Bxf4 Bd6 23. Qg3 Bxf4 24. Rxf4 Rxf4 25. Qxf4 Nc5 26. Qf3 Rf8 27. Qg3 Qxa2 28. Qe1 Qxb2 29. Rb1 Qf2 30. Qxf2 Rxf2
31. g3 Rf6 32. Kg2 h5 33. h4 Ne4 34. Nc8 Rf2+ 35. Kh3 Rf3 36. Rxb6 Rxg3+ 37. Kh2 Rg4 38. Ne7+ Kh7 39. Nf5 Rf4 40. Rb5 Kg6
41. Ne7+ Kf7 42. Nf5 g6 43. Rb7+ Kf6
0-1

[Event "Choose your opening weapons III"]
[Site "SchemingMind.com"]
[Date "2014.02.01"]
[Round "-"]
[White "simpet"]
[Black "Scooter"]
[Result "0-1"]
[WhiteCountry "ENG"]
[BlackCountry "USA"]
[WhiteElo "1641"]
[WhiteRD "54"]
[BlackElo "1705"]
[BlackRD "45"]
[GameID "346918"]

1. e4 c6 2. Nf3 d5 3. exd5 cxd5 4. Bb5+ Bd7 5. Qe2 Nc6 6. O-O a6 7. Ba4 b5 8. Bb3 Bg4 9. c3 Nf6 10. d3 e6
11. Bf4 Bd6 12. Bxd6 Qxd6 13. Nbd2 O-O 14. Qe3 Bxf3 15. Nxf3 Rfd8 16. Bc2 Ng4 17. Qe1 Nce5 18. Nxe5 Qxe5 19. Qxe5 Nxe5 20. d4 Nc4
21. b3 Nd6 22. f3 Rac8
0-1

[Event "Choose your opening weapons III"]
[Site "SchemingMind.com"]
[Date "2014.02.01"]
[Round "-"]
[White "simpet"]
[Black "kenneth m day"]
[Result "1/2-1/2"]
[WhiteCountry "ENG"]
[BlackCountry "USA"]
[WhiteElo "1622"]
[WhiteRD "54"]
[BlackElo "1767"]
[BlackRD "48"]
[GameID "346919"]

1. e4 e5 2. Bc4 Nf6 3. Nf3 Nc6 4. Nc3 Be7 5. d4 exd4 6. Nxd4 Nxd4 7. Qxd4 O-O 8. O-O c5 9. Qd3 d6 10. f4 Be6
11. f5 Bxc4 12. Qxc4 a6 13. Nd5 b5 14. Qd3 Ng4 15. Qg3 h5 16. h3 Ne5 17. Bh6 Bf6 18. Rad1 Kh8 19. Nxf6 gxh6 20. Nxh5 Rg8
21. Qf4 Qg5 22. Qxg5 Rxg5 23. Nf6 Nc4 24. Rf4 Rxg2+ 25. Kxg2 Ne3+ 26. Kf3 Nxd1 27. b3 Nc3 28. Rh4 Kg7 29. Nh5+ Kh7 30. Nf6+ Kg7
31. Nh5+ Kh7=
1/2-1/2

[Event "Choose your opening weapons III"]
[Site "SchemingMind.com"]
[Date "2014.02.01"]
[Round "-"]
[White "simpet"]
[Black "Simon Green"]
[Result "0-1"]
[WhiteCountry "ENG"]
[BlackCountry "ENG"]
[WhiteElo "1622"]
[WhiteRD "54"]
[BlackElo "1602"]
[BlackRD "54"]
[GameID "346920"]

1. e4 e6 2. Nf3 d5 3. exd5 exd5 4. d3 Nf6 5. Be2 Bd6 6. O-O O-O 7. Nc3 Be6 8. Bg5 Nbd7 9. Nb5 Nb6 10. Nxd6 cxd6
11. Qd2 Nbd7 12. Nd4 Re8 13. f4 Nc5 14. Bh5 g6 15. Bf3 Kg7 16. f5 gxf5 17. Bh6+ Kh8 18. Bh5 Nxh5 19. Nxf5 Bxf5 20. Rxf5 Nf6
21. Qc3 Re6 22. Raf1 Rc8 23. Rxf6 Nd7 24. Qd4 Nxf6 25. Bg5 Kg7 26. c3 Qe7 27. Qh4 Re8 28. h3 Re1 29. Qh6+ Kg8 30. Rxe1 Qxe1+
31. Kh2 Qe5+ 32. Kh1 Qg3 33. Bd2 Re2
0-1

[Event "Choose your opening weapons III"]
[Site "SchemingMind.com"]
[Date "2014.02.04"]
[Round "-"]
[White "emvarela"]
[Black "simpet"]
[Result "0-1"]
[WhiteCountry "ARG"]
[BlackCountry "ENG"]
[WhiteElo "1732"]
[WhiteRD "45"]
[BlackElo "1632"]
[BlackRD "55"]
[GameID "346921"]

1. e4 e5 2. Nf3 Nc6 3. d4 d5 4. exd5 Qxd5 5. dxe5 Qxd1+ 6. Kxd1 Bg4 7. Be2 O-O-O+ 8. Bd2 Bxf3 9. Bxf3 Nxe5 10. Ke2 Bc5
11. Nc3 Nxf3 12. gxf3 Nf6 13. Rhd1 h6 14. Be3 Bxe3 15. fxe3 g5 16. Rxd8+ Rxd8 17. Rd1 Rxd1 18. Kxd1 c6 19. Ke2 b5 20. Kd3 Kc7
21. Ne4 Nd5 22. a3 f5 23. Nc5 Kd6 24. b4 Nb6 25. e4 Ke5 26. h3 h5 27. exf5 Kxf5 28. c3 Nc4 29. a4 Nb2+ 30. Kc2 Nxa4
31. Nxa4 bxa4 32. c4 a6 33. Kb2 Kf4 34. Ka3 Kxf3 35. Kxa4 g4 36. hxg4 hxg4 37. Ka5 g3 38. Kxa6 g2 39. Kb6 c5 40. Kxc5 g1=Q+
41. Kb5 Ke4 42. c5 Kd5
0-1

[Event "Choose your opening weapons III"]
[Site "SchemingMind.com"]
[Date "2014.02.01"]
[Round "-"]
[White "Scooter"]
[Black "simpet"]
[Result "0-1"]
[WhiteCountry "USA"]
[BlackCountry "ENG"]
[WhiteElo "1705"]
[WhiteRD "45"]
[BlackElo "1641"]
[BlackRD "54"]
[GameID "346922"]

1. d4 d5 2. Nf3 Bf5 3. Bf4 Nf6 4. e3 Nc6 5. c3 e6 6. h3 Bd6 7. Bxd6 Qxd6 8. Bb5 O-O 9. O-O a6 10. Bxc6 Qxc6
11. Ne5 Qd6 12. Nd2 Rac8 13. Qb3 Rb8 14. c4 dxc4 15. Ndxc4 Qd5 16. Rac1 Ne4 17. f3 Ng3 18. Kf2 Nxf1
0-1

[Event "Choose your opening weapons III"]
[Site "SchemingMind.com"]
[Date "2014.02.01"]
[Round "-"]
[White "kenneth m day"]
[Black "simpet"]
[Result "1-0"]
[WhiteCountry "USA"]
[BlackCountry "ENG"]
[WhiteElo "1769"]
[WhiteRD "48"]
[BlackElo "1632"]
[BlackRD "55"]
[GameID "346923"]

1. e4 e5 2. f4 exf4 3. Nf3 Bc5 4. d4 Bb6 5. Bxf4 Nf6 6. Nc3 O-O 7. Qd2 Re8 8. Bd3 Nh5 9. Be3 d6 10. O-O-O Nc6
11. Rdg1 Nb4 12. Be2 Nf6 13. a3 Nc6 14. h3 Na5 15. Bd3 c5 16. g4 cxd4 17. Nxd4 Bc5 18. g5 Nd7 19. Nd5 Nc6 20. Nf5 Bxe3
21. Ndxe3 Nde5 22. Bb5 a6 23. Ba4 Be6 24. Nxd6 Re7 25. Rd1 Rd7 26. Nef5 Nc4 27. Qc3 Bxf5 28. Nxf5 Qxg5+ 29. Kb1 Rxd1+ 30. Rxd1 N4e5
31. h4 Qf4 32. Bxc6 bxc6 33. Qd4 f6 34. Qd6 Qxe4 35. Ne7+ Kf7 36. Qc7 Kf8 37. Nc8 Nf7 38. Qxf7+ Kxf7 39. Nd6+ Kg6 40. Nxe4 Kh5
41. Rd7 Rg8 42. Rd6 f5 43. Nc5 f4 44. Rxc6 Kxh4 45. Ne4 f3 46. Rc3 Rf8 47. Rc7 Rg8 48. Rf7 Kg4 49. Kc1 h5 50. Kd2 g5
51. Ke3 h4 52. Rxf3 h3 53. Nf2+
1-0

[Event "Choose your opening weapons III"]
[Site "SchemingMind.com"]
[Date "2014.02.01"]
[Round "-"]
[White "Simon Green"]
[Black "simpet"]
[Result "0-1"]
[WhiteCountry "ENG"]
[BlackCountry "ENG"]
[WhiteElo "1591"]
[WhiteRD "55"]
[BlackElo "1641"]
[BlackRD "54"]
[GameID "346924"]

1. d4 Nf6 2. e3 d6 3. Bd3 g6 4. f4 Bg7 5. Nf3 Bg4 6. O-O O-O 7. Nbd2 Qd7 8. Qe1 Nc6 9. c3 Rae8 10. Qg3 Nh5
11. Qf2 Bf6 12. h3 Bxh3 13. gxh3 Qxh3 14. Qg2 Qc8 15. Kf2 e5 16. fxe5 dxe5 17. Bc2 exd4 18. exd4 Nf4 19. Qg3 Re2+ 20. Kg1 Rg2+
21. Qxg2 Nxg2 22. Kxg2 Qg4+ 23. Kf2 Re8 24. Be4 h5 25. Rg1 Qh3 26. Rg3 Bh4
0-1

[Event "Choose your opening weapons III"]
[Site "SchemingMind.com"]
[Date "2014.02.18"]
[Round "-"]
[White "emvarela"]
[Black "elmar"]
[Result "0-1"]
[WhiteCountry "ARG"]
[BlackCountry "AZE"]
[WhiteElo "1732"]
[WhiteRD "45"]
[BlackElo "2046"]
[BlackRD "69"]
[GameID "347933"]

1. e4 e5 2. Nf3 Nc6 3. Bb5 a6 4. Bxc6 dxc6 5. O-O Qd6 6. d3 f6 7. Nc3 Bg4 8. h3 Be6 9. Be3 O-O-O 10. Qe2 c5
11. b3 g5 12. g4 Kb8 13. Kg2 Ne7 14. Na4 Ng6 15. c4 h5 16. gxh5 Bxh3+ 17. Kxh3 Qe6+ 18. Kg3 Nf4 19. Nxg5 Nxe2+
0-1

[Event "Choose your opening weapons III"]
[Site "SchemingMind.com"]
[Date "2014.02.18"]
[Round "-"]
[White "elmar"]
[Black "emvarela"]
[Result "1-0"]
[WhiteCountry "AZE"]
[BlackCountry "ARG"]
[WhiteElo "2046"]
[WhiteRD "69"]
[BlackElo "1732"]
[BlackRD "45"]
[GameID "347934"]

1. d4 Nf6 2. d5 c5 3. c4 d6 4. g3 g6 5. Bg2 Bg7 6. Nf3 O-O 7. Nc3 Bf5 8. Nh4 Bd7 9. O-O e6 10. dxe6 Bxe6
11. Bxb7 Nbd7 12. Bxa8 Qxa8 13. Ng2 Bxc4 14. Qxd6 Qb8 15. Qxb8 Rxb8 16. b3 Be6 17. Bf4 Nd5 18. Nxd5 Bxd5 19. Rad1 Bxg2 20. Bxb8 Bxf1
21. Rxd7 Bxe2 22. Rd8+ Bf8 23. Bd6
1-0

[Event "Choose your opening weapons III"]
[Site "SchemingMind.com"]
[Date "2014.02.14"]
[Round "-"]
[White "Scooter"]
[Black "elmar"]
[Result "0-1"]
[WhiteCountry "USA"]
[BlackCountry "AZE"]
[WhiteElo "1705"]
[WhiteRD "45"]
[BlackElo "1988"]
[BlackRD "82"]
[GameID "347935"]

1. d4 d5 2. Nf3 Bf5 3. Bf4 e6 4. e3 Nf6 5. Bd3 Bxd3 6. Qxd3 a6 7. O-O c5 8. c3 Nc6 9. Nbd2 Rc8 10. e4 cxd4
11. cxd4 Nb4 12. Qb3 dxe4 13. Ne5 Nfd5 14. a3 Nxf4 15. axb4 Qxd4 16. Qa4+ Ke7 17. Ng4 f5 18. Nb3 Qd7 19. Qxd7+ Kxd7 20. Ne5+ Ke7
21. Nc5 Rc7 22. Rfd1 Nd5 23. f3 exf3 24. Nxf3 Kf6 25. Rac1 Bd6 26. Nd4 Bxc5 27. bxc5 Rhc8 28. Nb3 g5 29. Kf2 h5 30. h3 f4
31. Re1 h4 32. Nd4 e5 33. Nf3 Re7 34. Kf1 Nb4 35. Rc4 Nd3 36. Re2 Rxc5 37. Rxc5 Nxc5 38. b4 Nd3 39. Re4 b5 40. Ke2 Rd7
0-1

[Event "Choose your opening weapons III"]
[Site "SchemingMind.com"]
[Date "2014.02.14"]
[Round "-"]
[White "elmar"]
[Black "Scooter"]
[Result "1-0"]
[WhiteCountry "AZE"]
[BlackCountry "USA"]
[WhiteElo "1988"]
[WhiteRD "82"]
[BlackElo "1705"]
[BlackRD "45"]
[GameID "347936"]

1. e4 c6 2. Nf3 d5 3. exd5 cxd5 4. d4 Bg4 5. Be2 Nf6 6. O-O e6 7. a3 Be7 8. Be3 O-O 9. Nbd2 Nc6 10. Rc1 Rc8
11. h3 Bxf3 12. Nxf3 Ne4 13. Qd3 a6 14. c4 Nf6 15. b4 dxc4 16. Rxc4 Nd5 17. Rfc1 Nxe3 18. fxe3 Qd6 19. Qc2 Na7 20. Qe4 Rxc4
21. Rxc4 b5 22. Rc2 Rc8 23. Bd3 f5 24. Qb7 Rxc2 25. Bxc2 Nc6 26. Qxa6 Nxd4 27. Qa8+
1-0

[Event "Choose your opening weapons III"]
[Site "SchemingMind.com"]
[Date "2014.02.14"]
[Round "-"]
[White "kenneth m day"]
[Black "elmar"]
[Result "0-1"]
[WhiteCountry "USA"]
[BlackCountry "AZE"]
[WhiteElo "1769"]
[WhiteRD "48"]
[BlackElo "2046"]
[BlackRD "69"]
[GameID "347937"]

1. e4 e5 2. Nf3 Nc6 3. c3 Nf6 4. d4 exd4 5. e5 Nd5 6. Qb3 Nb6 7. cxd4 d5 8. a3 Be7 9. Bd3 Bg4 10. Nbd2 O-O
11. Qc2 h6 12. h3 Be6 13. O-O a5 14. Re1 a4 15. Bh7+ Kh8 16. Bd3 Qd7 17. Nf1 Na5 18. N1d2 Rfe8 19. b3 axb3 20. Nxb3 Nbc4
21. Nfd2 Nxb3 22. Qxb3 f5 23. Nxc4 dxc4 24. Bxc4 Qxd4 25. Bxe6 Qxa1 26. Bd2 Qxa3 27. Qxb7 Red8 28. Be3 Qc3 29. Qb1 Ra6 30. f4 Bh4
31. Bf2 Bxf2+ 32. Kxf2 Rd2+ 33. Kf1 Rxe6
0-1

[Event "Choose your opening weapons III"]
[Site "SchemingMind.com"]
[Date "2014.02.14"]
[Round "-"]
[White "elmar"]
[Black "kenneth m day"]
[Result "1-0"]
[WhiteCountry "AZE"]
[BlackCountry "USA"]
[WhiteElo "2043"]
[WhiteRD "70"]
[BlackElo "1767"]
[BlackRD "48"]
[GameID "347938"]

1. e4 e5 2. Nf3 Nc6 3. c3 Bc5 4. d4 exd4 5. cxd4 Bb4+ 6. Nc3 d6 7. a3 Bxc3+ 8. bxc3 Nf6 9. Bg5 Bg4 10. Be2 Bxf3
11. Bxf3 O-O 12. Rb1 Rb8 13. O-O h6 14. Bh4 Re8 15. Re1 g5 16. Bg3 b6 17. e5 dxe5 18. Bxc6 Re6 19. d5 Nxd5 20. Bxd5 Re7
21. Bxe5 Rd7 22. Qh5 Rxd5 23. Qxh6
1-0

[Event "Choose your opening weapons III"]
[Site "SchemingMind.com"]
[Date "2014.02.14"]
[Round "-"]
[White "simpet"]
[Black "elmar"]
[Result "0-1"]
[WhiteCountry "ENG"]
[BlackCountry "AZE"]
[WhiteElo "1622"]
[WhiteRD "54"]
[BlackElo "2043"]
[BlackRD "70"]
[GameID "347939"]

1. e4 e5 2. Bc4 Nf6 3. d3 h6 4. Nf3 Nc6 5. O-O d6 6. Be3 Be7 7. Nc3 O-O 8. Ne1 Na5 9. Bb3 Nxb3 10. cxb3 c6
11. f4 Bg4 12. Qc1 exf4 13. Bxf4 d5 14. e5 Nh5 15. d4 c5 16. h3 cxd4 17. Nb5 Be2 18. Nxd4 Bxf1 19. Kxf1 Rc8 20. Qe3 Nxf4
21. Qxf4 Qb6 22. Nef3 Bc5 23. Qg4 f5 24. Nxf5 Rc7 25. Re1 Qa6+ 26. Re2 Qd3 27. Nxh6+ Kh8 28. Nf5 Rxf5 29. Qh4+ Kg8 30. Qd8+ Rf8
31. Qxc7 Qd1+ 32. Re1 Rxf3+ 33. gxf3 Qxf3#
0-1

[Event "Choose your opening weapons III"]
[Site "SchemingMind.com"]
[Date "2014.02.14"]
[Round "-"]
[White "elmar"]
[Black "simpet"]
[Result "1-0"]
[WhiteCountry "AZE"]
[BlackCountry "ENG"]
[WhiteElo "1988"]
[WhiteRD "82"]
[BlackElo "1641"]
[BlackRD "54"]
[GameID "347940"]

1. e4 e5 2. Nf3 Nc6 3. Bc4 Bc5 4. c3 Nf6 5. d4 exd4 6. cxd4 Bb6 7. Nc3 Ba5 8. Bg5 O-O 9. e5 Qe8 10. O-O Nh5
11. Nh4 g6 12. Ne4 Kg7 13. Nf5+ Kh8 14. Qxh5
1-0

[Event "Choose your opening weapons III"]
[Site "SchemingMind.com"]
[Date "2014.02.14"]
[Round "-"]
[White "Simon Green"]
[Black "elmar"]
[Result "0-1"]
[WhiteCountry "ENG"]
[BlackCountry "AZE"]
[WhiteElo "1602"]
[WhiteRD "54"]
[BlackElo "2043"]
[BlackRD "70"]
[GameID "347941"]

1. d4 Nf6 2. e3 d5 3. Bd3 Nbd7 4. f4 c5 5. c3 c4 6. Bc2 b5 7. Nf3 Nb6 8. O-O Bg4 9. Nbd2 e6 10. Qe1 Be7
11. Ne5 Bf5 12. Bxf5 exf5 13. Ndf3 Ne4 14. Nc6 Qd6 15. Nxe7 Qxe7 16. b4 Na4 17. Bd2 h6 18. Ne5 O-O 19. a3 a5 20. Nc6 Qc7
21. Ne5 axb4 22. axb4 f6 23. Ng6 Nb2 24. Nxf8 Rxf8 25. Ra2 Nd3 26. Qa1 Qc6 27. Ra6 Qe8 28. Qa2 Qh5 29. Ra8 Qe2 30. Rxf8+ Kxf8
31. Qa8+ Kf7 32. Qxd5+ Kg6 33. g4 Qxg4+
0-1